College Nickname City Match: FL, GA, and AL Quiz Stats

 Plays Quiz not verified by Sporcle

Score 0/30 Timer 12:00
0 Plays Today
% Correct
Florida State U
94.3%
University of Florida
92%
Auburn U
88.6%
University of Alabama (Tuscaloosa)
88.6%
Georgia Institute of Technology
86.4%
University of Georgia
86.4%
University of Miami
85.2%
University of Alabama (Birmingham)
81.8%
University of Centra Florida
78.4%
University of South Florida
76.1%
Troy U
75%
Florida Atlantic U
67%
Georgia State U
65.9%
Florida International U
65.8%
Jacksonville U
64.8%
% Correct
Florida A & M U
63.6%
University of South Alabama
62.5%
Georgia Southern U
60.2%
Stetson U
60.2%
Tuskegee Institute
60.2%
Emory U
56.8%
Mercer U
56.8%
University of North Alabama
56.8%
Jacksonville State U
56.2%
Columbus State
54.5%
Samford U
52.3%
Berry
48.9%
Rollins
46.6%
Georgia Southwestern
45.5%
West Georgia
44.3%

You're not logged in!

Compare scores with friends on all Sporcle quizzes.
Join for Free
OR
Log In

You Might Also Like...

Show Comments

Extras

Top Quizzes Today


Score Distribution

Your Account Isn't Verified!

In order to create a playlist on Sporcle, you need to verify the email address you used during registration. Go to your Sporcle Settings to finish the process.

Report this User

Report this user for behavior that violates our Community Guidelines.

Details: